| 000 | 01368nam a22003857a 4500 | ||
|---|---|---|---|
| 003 | CHAP | ||
| 005 | 20220329134623.0 | ||
| 008 | 971013s1994 r 00010 d | ||
| 010 | _a23134 | ||
| 011 | _a24106 | ||
| 035 | _a28205 | ||
| 040 | _cCHAP | ||
| 090 | _aTesis | ||
| 100 | 0 | 0 |
_aEstrada Chavira, Ma. Eugenia. _938370 |
| 245 | _aEfectos de PROCAMPO sobre la estructura productiva del DDR No. 4 de Villa Ocampo, Dgo. | ||
| 260 |
_aChapingo, Méx. : _bEl autor, _c1994 |
||
| 300 | _a82 h. | ||
| 502 | _aTesis (Ing. Agr. Esp. en Economía Agrícola) -- UACH. Departamento de Economía Agrícola | ||
| 590 |
_aALEPH _b10 _c20130110 _lUCH01 _h1247 |
||
| 590 |
_aBATCH-UPD _b10 _c20130110 _lUCH01 _h0217 |
||
| 590 |
_aBATCH-UPD _b10 _c20130110 _lUCH01 _h1755 |
||
| 590 |
_aBATCH-UPD _b10 _c20130410 _lUCH01 _h1132 |
||
| 590 |
_aBATCH-UPD _b10 _c20130914 _lUCH01 _h1117 |
||
| 590 |
_aCONVERSION _b10 _c20130109 _lUCH01 _h1314 |
||
| 650 | 1 | 4 |
_aAgricultura _xTrabajadores _xDurango. _91854 |
| 650 | 1 | 4 |
_aCultivos _xDurango. _930252 |
| 650 | 1 | 4 |
_aDistrito de Desarrollo Rural Villa Ocampo, Dgo. _932823 |
| 650 | 1 | 4 |
_aIngresos _xDurango. _958392 |
| 650 | 1 | 4 |
_aPolítica agrícola _xDurango. _990313 |
| 650 | 1 | 4 |
_aSubsidios. _9110160 |
| 901 | _aBK | ||
| 942 | _cFOLL | ||
| 949 |
_bBC _cTES _d-65005 _eTS1 _h27310 _i28205 _si |
||
| 949 |
_bBC _cTES _d-65006 _eTS2 _fc.2 _h27311 _i28205 _si |
||
| 999 |
_c23134 _d23134 |
||